Bases para un proyecto educacional en el primer ciclo en salud bucal en el primer ciclo básico de la Escuela Privada nº104 Domingo Faustino Sarmiento de la Provincia de Entre Rios, República Argentina

Gardado en:
Detalles Bibliográficos
Autor Principal: Pagano de Mato, Sonia
Formato: Libro
Publicado: bic. Universidad Adventista de Chile. 1996.
Subjects:
Tags: Engadir etiqueta
Sen Etiquetas, Sexa o primeiro en etiquetar este rexistro!

MARC

LEADER 00000nam a22000005a 4500
001 238
003 CL-ChBUA
005 20120815102659.0
008 070301s1996 cl 000 0d|||
040 |a CL-ChBUA  |c CL-ChBUA 
090 |c 238  |d 238 
100 1 |a Pagano de Mato, Sonia. 
245 1 0 |a Bases para un proyecto educacional en el primer ciclo en salud bucal en el primer ciclo básico de la Escuela Privada nº104 Domingo Faustino Sarmiento de la Provincia de Entre Rios, República Argentina 
260 |b Universidad Adventista de Chile.  |a bic.  |c 1996. 
300 |a 110 p.  |c 28 cm. 
500 |a Seminario. 
504 |a Bibl., pp. 108 - 110; índice. 
650 4 |a NIÑOS - SALUD BUCAL (ARGENTINA). 
942 |c LTS 
945 |a Miguel Angel Rodríguez Jarpa.  |c LICENCIADO EN EDUCACION. 
952 |0 0  |1 0  |2 ddc  |4 0  |6 SEM___LIC__ED__P_131_199600000000000_UNACH_IMPRESO  |7 0  |9 255  |a UNACH  |b UNACH  |c Hemeroteca  |d 2007-03-05  |i 30.874  |l 1  |o Sem. Lic. Ed. / P 131 1996 UNACH Impreso.   |p 1254  |r 2018-04-24 00:00:00  |s 2015-09-22  |u 255  |w 2012-08-08  |y LTS  |k Sem. Lic. Ed. / P 131 1996 UNACH 
999 |c 238  |d 238